00393nam a2200109Ia 4500008004100000040004400041100003200085245009200117260004600209600001300255999001500268180412s9999||||xx |||||||||||||| ||und|| aAhmadu Bello University Library - Zaria aOFFICE OF HEALTH ECONOMICS. 0aMedicine and Society : the changing Demand for medical carecOffice of Health Economics aLondon.bOffice of Health Economicsc1972 aMedicine c1423d1423